Sports Quiz

Random Sports or NFL Quiz

NFL Team by Stadium Picture Quiz Stats

 Plays Quiz Updated Feb 6, 2017

Challenge
Share
Tweet
Score 0/31 Timer 06:00
0 Plays Today
% Correct
New Orleans Saints
95%
Washington Redskins
87.9%
New England Patriots
86.8%
Houston Texans
84.5%
Carolina Panthers
83.2%
Detroit Lions
82.7%
Dallas Cowboys
81.5%
Los Angeles Rams
80.7%
Green Bay Packers
78.3%
Kansas City Chiefs
77.5%
Seattle Seahawks
75.7%
Pittsburgh Steelers
75.2%
Indianapolis Colts
74.4%
Philadelphia Eagles
73.7%
Los Angeles Chargers
73.1%
Oakland Raiders
72.5%
% Correct
Denver Broncos
72%
Miami Dolphins
69.1%
San Francisco 49ers
61.6%
Chicago Bears
61.2%
Baltimore Ravens
58.1%
Buffalo Bills
56.3%
New York Giants & New York Jets
55.5%
Atlanta Falcons
54.6%
Arizona Cardinals
52.4%
Minnesota Vikings
51.5%
Tampa Bay Buccaneers
51.1%
Cleveland Browns
50%
Jacksonville Jaguars
49.2%
Tennessee Titans
43.3%
Cincinnati Bengals
34.1%

You're not logged in!

Compare scores with friends on all Sporcle quizzes.
Join for Free
OR
Log In

You Might Also Like...

Show Comments

Extras

Top Quizzes Today


Score Distribution

Your Account Isn't Verified!

In order to create a playlist on Sporcle, you need to verify the email address you used during registration. Go to your Sporcle Settings to finish the process.

Report this User

Report this user for behavior that violates our Community Guidelines.

Details: